000 00259nam a22001097a 4500
082 _a300
_bSIE/G
100 _aSTATE INSTITUTE OF EDUCATIONAL TECHNOLOGY
245 _aSIET KERALA
_bGEOGRAPHY
260 _aNEW DELHI
_bGOVT. OF KERALA
300 _bVCD
942 _cBK
999 _c7926
_d7926